[Event "AUT-chT2O 1819"]
[Site "Austria"]
[Date "2019.03.30"]
[Round "10.6"]
[White "Belke, Frank"]
[Black "Lipp, Alfred"]
[Result "1-0"]
[WhiteElo "2300"]
[BlackElo "1996"]
[PlyCount "137"]
[EventDate "2018.10.06"]
[EventType "team-tourn"]
[EventRounds "11"]
[EventCountry "AUT"]
[SourceTitle "CBM 189 Extra"]
[Source "ChessBase"]
[SourceDate "2019.06.03"]
[SourceVersion "1"]
[SourceVersionDate "2019.06.03"]
[SourceQuality "1"]
[WhiteTeam "Hietzing"]
[BlackTeam "Wiener Amateur CC "]
[WhiteTeamCountry "AUT"]
[BlackTeamCountry "AUT"]

1. d4 d5 2. c4 e6 3. Nc3 Nf6 4. Bg5 Be7 5. Nf3 Nbd7 6. e3 0-0 7. Qc2 b6 8. cxd5 exd5 9. Bd3 Bb7 10. 0-0 c5 11. Rad1 c4 12. Bf5 Re8 13. Ne5 Nf8 14. Rfe1 a6 15. f3 b5 16. a3 Qb6 17. Bh4 a5 18. Bf2 b4 19. Nb1 Bd6 20. e4 Qc7 21. exd5 Bxd5 22. f4 g6 23. Bh3 Nh5 24. f5 f6 25. Ng4 g5 26. g3 Qc6 27. Qc1 Nd7 28. Bf1 Nb6 29. axb4 axb4 30. Rxe8+ Rxe8 31. Ne3 Bf3 32. Re1 Rc8 33. Nd2 Bd5 34. Nxd5 Qxd5 35. Ne4 Be7 36. Nc5 Kf7 37. Re6 Rxc5 38. dxc5 Bxc5 39. Bxc5 Qxc5+ 40. Qe3 Qxe3+ 41. Rxe3 Ng7 42. g4 h5 43. h3 h4 44. Kf2 Kf8 45. Ke1 Nd5 46. Re4 c3 47. b3 Ne8 48. Bb5 Nec7 49. Bc6 Nf4 50. Kd1 Nxh3 51. Rxb4 Ke7 52. Rd4 Nf2+ 53. Kc2 Na6 54. Kxc3 h3 55. Rd7+ Kf8 56. Bf3 Nc5 57. Rd8+ Ke7 58. Rh8 Kd6 59. b4 Nd7 60. Kd2 Ne5 61. Ke2 Nexg4 62. Bxg4 Nxg4 63. Rxh3 Ke5 64. b5 Kxf5 65. b6 Ne5 66. b7 Nc6 67. Rc3 Nb8 68. Rc8 Na6 69. Ra8 1-0

[Event "Vienna State-ch"]
[Site "Vienna"]
[Date "2016.09.24"]
[Round "8"]
[White "Lipp, Alfred"]
[Black "Wallner, Joachim"]
[Result "0-1"]
[WhiteElo "2055"]
[BlackElo "2321"]
[PlyCount "110"]
[EventDate "2016.09.17"]
[EventType "tourn"]
[EventRounds "9"]
[EventCountry "AUT"]
[EventCategory "3"]
[SourceTitle "CBM 174 Extra"]
[Source "ChessBase"]
[SourceDate "2016.10.10"]
[SourceVersion "1"]
[SourceVersionDate "2016.10.10"]
[SourceQuality "1"]

1. d4 d5 2. Nf3 Nf6 3. c4 c6 4. Nc3 a6 5. e3 b5 6. b3 Bg4 7. a4 b4 8. Ne2 Bxf3 9. gxf3 Nbd7 10. Ng3 e6 11. e4 h5 12. h4 Be7 13. e5 Ng8 14. f4 g6 15. Bd2 a5 16. cxd5 cxd5 17. f5 exf5 18. Bb5 Kf8 19. Rc1 Rc8 20. Rxc8 Qxc8 21. Qf3 Nb6 22. Ke2 Qd8 23. Qf4 Na8 24. Kf3 Nc7 25. Ne2 Nh6 26. Bc6 Ne6 27. Qg3 Qb6 28. Bxd5 Nc7 29. Rc1 Nxd5 30. Rc8+ Kg7 31. Rxh8 Kxh8 32. Bxh6 Qc6 33. Kg2 Nf4+ 34. Kf1 Qh1+ 35. Ng1 Ne6 36. Qf3 Qxh4 37. d5 Nd4 38. Qd3 Qe4 39. Qxe4 fxe4 40. d6 Bd8 41. Be3 Nf3 42. Ne2 h4 43. Nf4 Kg8 44. e6 Kf8 45. e7+ Bxe7 46. dxe7+ Kxe7 47. Nd5+ Ke6 48. Nb6 f5 49. Nc4 g5 50. Nxa5 f4 51. Bc5 g4 52. Bxb4 h3 53. Nc4 e3 54. a5 h2 55. Kg2 exf2 0-1

[Event "Vienna State-ch"]
[Site "Vienna"]
[Date "2016.09.22"]
[Round "6"]
[White "Lipp, Alfred"]
[Black "Stanec, Nikolaus"]
[Result "0-1"]
[WhiteElo "2055"]
[BlackElo "2447"]
[PlyCount "105"]
[EventDate "2016.09.17"]
[EventType "tourn"]
[EventRounds "9"]
[EventCountry "AUT"]
[EventCategory "3"]
[SourceTitle "CBM 174 Extra"]
[Source "ChessBase"]
[SourceDate "2016.10.10"]
[SourceVersion "1"]
[SourceVersionDate "2016.10.10"]
[SourceQuality "1"]

1. d4 Nf6 2. c4 e6 3. Nc3 Bb4 4. Nf3 b6 5. g3 Ba6 6. Qb3 c5 7. a3 Ba5 8. Bg2 Nc6 9. 0-0 0-0 10. Rd1 Rc8 11. Bg5 Bxc3 12. bxc3 Na5 13. Qc2 Bxc4 14. Rab1 d5 15. Ne5 Qc7 16. Bxf6 gxf6 17. Ng4 f5 18. Nf6+ Kg7 19. Nh5+ Kh8 20. f3 Qe7 21. Qd2 Rg8 22. Qf4 Nc6 23. h4 cxd4 24. cxd4 Bxe2 25. Rd2 Bc4 26. Kh2 f6 27. Re1 Qf7 28. g4 Rcf8 29. Bh3 fxg4 30. fxg4 e5 31. dxe5 fxe5 32. Qxf7 Rxf7 33. g5 Re7 34. Nf6 Rd8 35. h5 e4 36. h6 Ne5 37. Rxe4 Nf3+ 38. Kg3 Rxe4 39. Kxf3 Re7 40. Rd4 b5 41. Bf5 a5 42. Rh4 Rf8 43. Kf4 b4 44. axb4 axb4 45. Rh2 b3 46. Bxh7 Rxh7 47. Ke5 Re7+ 48. Kd6 Ref7 49. Ke5 Bd3 50. Nxd5 Rf5+ 51. Kd4 Bc2 52. Ne3 Rd8+ 53. Kc3 0-1

[Event "Vienna State-ch"]
[Site "Vienna"]
[Date "2016.09.20"]
[Round "4"]
[White "Lipp, Alfred"]
[Black "Menezes, Christoph"]
[Result "1/2-1/2"]
[WhiteElo "2055"]
[BlackElo "2414"]
[PlyCount "46"]
[EventDate "2016.09.17"]
[EventType "tourn"]
[EventRounds "9"]
[EventCountry "AUT"]
[EventCategory "3"]
[SourceTitle "CBM 174 Extra"]
[Source "ChessBase"]
[SourceDate "2016.10.10"]
[SourceVersion "1"]
[SourceVersionDate "2016.10.10"]
[SourceQuality "1"]

1. d4 Nf6 2. c4 g6 3. Nc3 Bg7 4. e4 d6 5. Nf3 0-0 6. Be2 Na6 7. 0-0 e5 8. Re1 c6 9. Rb1 exd4 10. Nxd4 Re8 11. f3 Nh5 12. Be3 f5 13. Qd2 f4 14. Bf2 Be5 15. b4 Qf6 16. Na4 c5 17. Nc2 Nc7 18. Rb3 b6 19. Nc3 Qg5 20. Nd5 Nxd5 21. cxd5 h6 22. bxc5 bxc5 23. Na3 Bh3 1/2-1/2

[Event "Vienna State-ch"]
[Site "Vienna"]
[Date "2016.09.18"]
[Round "2"]
[White "Lipp, Alfred"]
[Black "Weinzettl, Ernst"]
[Result "0-1"]
[WhiteElo "2055"]
[BlackElo "2275"]
[PlyCount "68"]
[EventDate "2016.09.17"]
[EventType "tourn"]
[EventRounds "9"]
[EventCountry "AUT"]
[EventCategory "3"]
[SourceTitle "CBM 174 Extra"]
[Source "ChessBase"]
[SourceDate "2016.10.10"]
[SourceVersion "1"]
[SourceVersionDate "2016.10.10"]
[SourceQuality "1"]

1. d4 Nf6 2. c4 g6 3. Nc3 Bg7 4. e4 d6 5. Nf3 0-0 6. Be2 e5 7. 0-0 exd4 8. Nxd4 Re8 9. f3 c6 10. Nc2 Na6 11. Rb1 d5 12. cxd5 cxd5 13. exd5 Bf5 14. Bxa6 Qb6+ 15. Kh1 Qxa6 16. Bg5 h6 17. Bh4 Qc4 18. Bf2 Bd3 19. Ne3 Qa6 20. Re1 Bxb1 21. Qxb1 Nd7 22. Ne4 f5 23. Nd2 Ne5 24. b4 Nd3 25. b5 Nxf2+ 26. Kg1 Qb6 27. Ndc4 Qd4 28. Kxf2 f4 29. Qxg6 fxe3+ 30. Nxe3 Re5 31. d6 Rae8 32. d7 Qxd7 33. Nf5 Qd2+ 34. Re2 Rxe2+ 0-1

[Event "Neumarkt am Wallersee op 14th"]
[Site "Neumarkt am Wallersee"]
[Date "2015.08.23"]
[Round "2"]
[White "Haselsteiner, Walter"]
[Black "Lipp, Alfred"]
[Result "0-1"]
[WhiteElo "1853"]
[BlackElo "2156"]
[PlyCount "60"]
[EventDate "2015.08.22"]
[EventType "swiss"]
[EventRounds "9"]
[EventCountry "AUT"]
[SourceTitle "EXT 2016"]
[Source "ChessBase"]
[SourceDate "2015.10.08"]
[SourceVersion "1"]
[SourceVersionDate "2015.10.08"]
[SourceQuality "1"]

1. Nf3 d5 2. g3 Nf6 3. d4 e6 4. Bg2 Be7 5. 0-0 0-0 6. c4 dxc4 7. Qc2 a6 8. Qxc4 b5 9. Qc2 Bb7 10. Nbd2 Nc6 11. e3 Qc8 12. a3 Rd8 13. b4 Nd7 14. Ne4 Ra7 15. Neg5 Nf8 16. Bb2 Qa8 17. e4 Bxg5 18. d5 exd5 19. Nxg5 Ne7 20. Qxc7 Bc6 21. Qf4 f6 22. Nf3 dxe4 23. Nd4 Bd5 24. Nf5 Ne6 25. Nxe7+ Rxe7 26. Qf5 e3 27. Bxd5 Rxd5 28. Qf3 Ng5 29. Qg4 Rd2 30. Bc1 Nf3+ 0-1

[Event "Lienz op-A 18th"]
[Site "Lienz"]
[Date "2015.02.08"]
[Round "3"]
[White "Lipp, Alfred"]
[Black "Dellert, Lena"]
[Result "1-0"]
[WhiteElo "2139"]
[BlackElo "1974"]
[PlyCount "127"]
[EventDate "2015.02.07"]
[EventType "swiss"]
[EventRounds "9"]
[EventCountry "AUT"]
[SourceTitle "CBM 164 Extra"]
[Source "ChessBase"]
[SourceDate "2015.03.02"]
[SourceVersion "1"]
[SourceVersionDate "2015.03.02"]
[SourceQuality "1"]

1. c4 c6 2. Nf3 d5 3. e3 Nf6 4. Nc3 dxc4 5. Bxc4 e6 6. d4 Bb4 7. 0-0 0-0 8. Qe2 Nbd7 9. e4 Nb6 10. Bb3 h6 11. Rd1 Qe7 12. a3 Bxc3 13. bxc3 Rd8 14. a4 Bd7 15. Ba3 Qe8 16. a5 Nc8 17. c4 b6 18. e5 Nh7 19. Bb4 Ne7 20. Bc2 b5 21. Nd2 a6 22. Ne4 Bc8 23. Nd6 Qf8 24. Bc5 f5 25. exf6 Qxf6 26. Ra3 Nf5 27. Nxf5 exf5 28. Re3 Qg6 29. Re7 Ng5 30. Re1 Nh3+ 31. Kf1 Nf4 32. Qf3 Qg5 33. Qxc6 Rb8 34. g3 Nh3 35. Re8+ Rxe8 36. Rxe8+ Kh7 37. Rxc8 Qc1+ 38. Kg2 Qxc2 39. Kxh3 Rxc8 40. Qxc8 Qxf2 41. Qb7 Qf1+ 42. Kh4 Qe2 43. h3 Qe6 44. Be7 Qxc4 45. Bf6 Qg8 46. d5 Kh8 47. Qxa6 Qxd5 48. Qc8+ Kh7 49. Qc7 Qe4+ 50. Qf4 Qe6 51. Bd8 g5+ 52. Bxg5 hxg5+ 53. Qxg5 Qe4+ 54. Qf4 Qe7+ 55. Kh5 Qf7+ 56. Kg5 Qg6+ 57. Kh4 Qf6+ 58. Qg5 Qd4+ 59. Kh5 Qd1+ 60. g4 fxg4 61. Qf5+ Kh8 62. hxg4 Qh1+ 63. Kg5 Qc1+ 64. Kg6 1-0

[Event "AUT-chT2O 1415"]
[Site "Austria"]
[Date "2015.01.24"]
[Round "6.1"]
[White "Hechl, Gerald"]
[Black "Lipp, Alfred"]
[Result "1-0"]
[WhiteElo "2180"]
[BlackElo "2118"]
[PlyCount "55"]
[EventDate "2014.10.18"]
[EventType "team-tourn"]
[EventRounds "11"]
[EventCountry "AUT"]
[SourceTitle "EXT 2016"]
[Source "ChessBase"]
[SourceDate "2015.10.08"]
[SourceVersion "1"]
[SourceVersionDate "2015.10.08"]
[SourceQuality "1"]
[WhiteTeam "Pressbaum"]
[BlackTeam "Zwettl"]
[WhiteTeamCountry "AUT"]
[BlackTeamCountry "AUT"]

1. e4 c5 2. Nf3 d6 3. d4 cxd4 4. Qxd4 Nc6 5. Bb5 Bd7 6. Bxc6 Bxc6 7. Nc3 Nf6 8. Bg5 e6 9. 0-0-0 Be7 10. Rhe1 0-0 11. Kb1 Qc7 12. Qd2 Rfd8 13. Nd4 Rac8 14. f4 h6 15. h4 a6 16. f5 e5 17. Bxf6 Bxf6 18. Nf3 b5 19. g4 b4 20. Nd5 Bxd5 21. exd5 Qc4 22. g5 hxg5 23. hxg5 e4 24. gxf6 exf3 25. Rg1 Qe2 26. Rxg7+ Kf8 27. Rg8+ Kxg8 28. Qg5+ 1-0

[Event "AUT-chT2O 1415"]
[Site "Austria"]
[Date "2014.11.16"]
[Round "4.2"]
[White "Lipp, Alfred"]
[Black "Gajic, Zoran2222"]
[Result "1/2-1/2"]
[WhiteElo "2118"]
[BlackElo "2106"]
[PlyCount "104"]
[EventDate "2014.10.18"]
[EventType "team-tourn"]
[EventRounds "11"]
[EventCountry "AUT"]
[SourceTitle "CBM 163 Extra"]
[Source "ChessBase"]
[SourceDate "2014.12.23"]
[SourceVersion "1"]
[SourceVersionDate "2014.12.23"]
[SourceQuality "1"]
[WhiteTeam "Zwettl"]
[BlackTeam "Stockerau"]
[WhiteTeamCountry "AUT"]
[BlackTeamCountry "AUT"]

1. d4 Nf6 2. Nf3 d5 3. c4 e6 4. Nc3 Nbd7 5. Bg5 Be7 6. e3 h6 7. Bh4 0-0 8. cxd5 Nxd5 9. Bxe7 Nxe7 10. Bd3 c6 11. 0-0 b6 12. Qe2 Bb7 13. Rfd1 Rc8 14. Rd2 Qc7 15. Rad1 Rfd8 16. Ne4 Nd5 17. a3 Qb8 18. Bb1 a5 19. Qd3 Nf8 20. Ng3 Nf6 21. Ne5 Qa8 22. Qb3 Nd5 23. e4 a4 24. Qf3 Nf6 25. Nh5 N8h7 26. Qf4 Rf8 27. Nxf6+ Nxf6 28. Ng4 Nxg4 29. Qxg4 Qa5 30. h4 Ba6 31. e5 Qd5 32. Be4 Qd8 33. Rc2 Bb5 34. Rc3 f5 35. exf6 Rxf6 36. d5 h5 37. Qxh5 Rh6 38. Qg5 Rxh4 39. Qg6 Rh6 40. Qg4 Qh4 41. Qxh4 Rxh4 42. Bf3 exd5 43. Bxd5+ Kh8 44. Be6 Re8 45. Bf5 Rh6 46. Re3 Rf8 47. g4 Bc4 48. Kg2 Bd5+ 49. Kg3 g6 50. Bc2 g5 51. Bxa4 Kg7 52. Bc2 Rfh8 1/2-1/2

[Event "Neumarkt am Wallersee op 13th"]
[Site "Neumarkt am Wallersee"]
[Date "2014.08.24"]
[Round "2"]
[White "Kassel, Walter"]
[Black "Lipp, Alfred"]
[Result "0-1"]
[WhiteElo "1911"]
[BlackElo "2119"]
[PlyCount "74"]
[EventDate "2014.08.23"]
[EventType "swiss"]
[EventRounds "9"]
[EventCountry "AUT"]
[SourceTitle "EXT 2016"]
[Source "ChessBase"]
[SourceDate "2015.10.08"]
[SourceVersion "1"]
[SourceVersionDate "2015.10.08"]
[SourceQuality "1"]

1. e4 c5 2. Nf3 d6 3. Bb5+ Bd7 4. Qe2 e6 5. 0-0 Nc6 6. c4 Nge7 7. b3 a6 8. Bxc6 Nxc6 9. e5 dxe5 10. Nxe5 Nxe5 11. Qxe5 Be7 12. Nc3 0-0 13. Bb2 f6 14. Qe3 Qc7 15. Rad1 b5 16. a4 b4 17. Ne4 f5 18. Ng5 f4 19. Nxe6 fxe3 20. Nxc7 e2 21. Rde1 exf1Q+ 22. Kxf1 Bd6 23. Nxa8 Rxa8 24. d4 Re8 25. Rd1 Bf5 26. dxc5 Bxc5 27. Rd2 Be7 28. h3 Rd8 29. Ke2 Rxd2+ 30. Kxd2 Bg5+ 31. Kd1 h5 32. Be5 Kf7 33. f4 Be7 34. Kd2 g6 35. Bd4 Bd6 36. Be3 h4 37. Kd1 Ke6 0-1

[Event "AUT-chT2O 1314"]
[Site "Austria"]
[Date "2013.10.05"]
[Round "1.6"]
[White "Lipp, Alfred"]
[Black "Higatsberger, Michael"]
[Result "1/2-1/2"]
[WhiteElo "2138"]
[BlackElo "2197"]
[PlyCount "80"]
[EventDate "2013.10.05"]
[EventType "team-tourn"]
[EventRounds "11"]
[EventCountry "AUT"]
[SourceTitle "CBM 156 Extra"]
[Source "ChessBase"]
[SourceDate "2013.10.22"]
[SourceVersion "1"]
[SourceVersionDate "2013.10.22"]
[SourceQuality "1"]
[WhiteTeam "Zwettl"]
[BlackTeam "Austria"]
[WhiteTeamCountry "AUT"]
[BlackTeamCountry "AUT"]

1. d4 d5 2. c4 c6 3. Nf3 Nf6 4. Nc3 dxc4 5. a4 Bf5 6. e3 e6 7. Bxc4 Bb4 8. 0-0 0-0 9. Qe2 Bg4 10. h3 Bh5 11. Rd1 Nbd7 12. e4 h6 13. e5 Nd5 14. Ne4 Bg6 15. Ng3 a5 16. h4 Be7 17. h5 Bh7 18. Ne4 N7b6 19. Bb3 Nb4 20. g4 N6d5 21. Bd2 Kh8 22. Rac1 Qd7 23. g5 hxg5 24. Nfxg5 Bxg5 25. Bxg5 f6 26. exf6 gxf6 27. Bh6 Rg8+ 28. Ng3 Bf5 29. Kh1 Rg4 30. Nxf5 exf5 31. Rg1 Qf7 32. Rxg4 Qxh5+ 33. Kg2 fxg4 34. Rh1 Qg6 35. Bf8+ Kg8 36. Qe6+ Kxf8 37. Qd6+ Kg8 38. Qe6+ Kf8 39. Qd6+ Kg8 40. Qe6+ Kf8 1/2-1/2

[Event "AUT-chT2O 1213"]
[Site "Austria"]
[Date "2013.03.10"]
[Round "9.6"]
[White "Plank, Franz"]
[Black "Lipp, Alfred"]
[Result "1/2-1/2"]
[WhiteElo "2198"]
[BlackElo "2132"]
[PlyCount "101"]
[EventDate "2012.10.06"]
[EventType "team-tourn"]
[EventRounds "11"]
[EventCountry "AUT"]
[SourceTitle "EXT 2014"]
[Source "ChessBase"]
[SourceDate "2013.11.20"]
[SourceVersion "1"]
[SourceVersionDate "2013.11.20"]
[SourceQuality "1"]
[WhiteTeam "Wien Ottakring"]
[BlackTeam "Zwettl II"]
[WhiteTeamCountry "AUT"]
[BlackTeamCountry "AUT"]

1. e4 c5 2. d4 cxd4 3. Qxd4 Nc6 4. Qd3 Nf6 5. c4 g6 6. Nc3 Bg7 7. f3 d6 8. Be3 0-0 9. Qd2 Be6 10. Rc1 Qa5 11. b3 Rfc8 12. Nge2 a6 13. Nf4 Rab8 14. Be2 b5 15. 0-0 b4 16. Na4 Nd7 17. c5 Nxc5 18. Nxc5 Bc3 19. Qd3 dxc5 20. Nxe6 fxe6 21. Qxa6 Ra8 22. Qxa5 Nxa5 23. Rfd1 c4 24. bxc4 Nxc4 25. Bxc4 Rxc4 26. Rc2 Rc6 27. Rd3 Kf7 28. Kf1 Rca6 29. Bd2 h5 30. Bxc3 bxc3 31. h4 Rxa2 32. Rxa2 Rxa2 33. Rxc3 e5 34. Kg1 Rb2 35. Rc6 Ra2 36. Rc1 Rb2 37. Kf1 Ra2 38. Re1 Kf6 39. Re2 Ra1+ 40. Re1 Ra2 41. g3 Rb2 42. Re2 Rb3 43. Kg2 Ra3 44. Rb2 Ra4 45. Rb6+ Kf7 46. Rb3 Ra2+ 47. Kh3 Ra1 48. Re3 Kf6 49. Re2 Ra3 50. Kg2 Rd3 51. Kf2 1/2-1/2